00760cam a22002533a 450000100090000000300040000900500170001300800410003001000170007102000150008803500210010304000180012405000220014208200200016410000230018424500870020726000370029430000110033152100210034252600190036354100060038256200560038871000620044416392744OSt20140310182649.0980504s1986 xxu 000 1 eng  a 98814464  a0553299581 a(DLC) 98814464 aDLCcDLCdDLC00aBT 821b.J46 1992 aM 240bJ37 19921 aJeffrey, Grant R.10aMessiah :bwar in the Middle East and the road to Armageddon /cJeffrey, Grant R.  aNew York :bBantam Books,c1992. a348 p. aCollege Students c1210L to 1700L j1 efor circulation. 1 copy available in the collection2 aCopyright Paperback Collection (Library of Congress)5DLC